000 00325nam a22001337a 4500
020 _a81-7214233-1
082 _a230 BAL
100 _aBalasundaram, Franklyn J.
245 _aContemporary Asian Christian Theology
260 _aBangalore
_bUTC and ISPCK
_c2009
300 _a217
650 _aTheology-Christian
942 _cBK
999 _c20594
_d20594